000 00584nam a2200229Ia 4500
003 OSt
005 20220924144850.0
006 a|||||r|||| 00| 0
007 ta
008 220923b |||||||| |||| 00| 0 urd d
024 _a322895
037 _cTextual
040 _aARTS
_cARTS
_burd
041 _2urd
_aurd
082 _aV2:51wM69, 168N4
100 _aIdrees Mohammad Au.
_9183280
245 0 _aAhqaq-e-haq
260 _c1994
650 _aINDIA - HISTORY
942 _hV2:51wM69, 168N4
_cTEXL
_2CC
999 _c458503
_d458503